Histoire d'Elisabeth de Valois, reine d'Espagne (1545-1568) / (Record no. 153573)

MARC details
000 -LEADER
campo de control de longitud fija 00674nam a22001815i 4500
001 - NÚMERO DE CONTROL
campo de control 153573
003 - IDENTIFICADOR DE NÚMERO DE CONTROL
campo de control ES-MaACL
005 - FECHA Y HORA DE LA ÚLTIMA TRANSACCIÓN
campo de control 20251013201013.0
008 - DATOS DE LONGITUD FIJA--INFORMACIÓN GENERAL
campo de control de longitud fija 991014s1859 fr |||| | fre d
040 ## - FUENTE DE CATALOGACIÓN
Centro catalogador/agencia de origen CAM
Lengua de catalogación spa
Centro/agencia transcriptor CAM
100 3# - ENTRADA PRINCIPAL--NOMBRE DE PERSONA
Nombre de persona Du Prat
Títulos y otros términos asociados al nombre , Marquis.
9 (RLIN) 126851
245 10 - MENCIÓN DEL TÍTULO
Título Histoire d'Elisabeth de Valois, reine d'Espagne (1545-1568) /
Mención de responsabilidad, etc. par le marquis du Prat.
260 ## - PUBLICACIÓN, DISTRIBUCIÓN, ETC.
Lugar de publicación, distribución, etc. Paris :
Nombre del editor, distribuidor, etc. Techener libraire-éditeur,
Fecha de publicación, distribución, etc. 1859 (
Fabricante Typographie de Henri Plon)
300 ## - DESCRIPCIÓN FÍSICA
Extensión VII, 511 p. ;
Dimensiones 24 cm.
600 17 - PUNTO DE ACCESO ADICIONAL DE MATERIA--NOMBRE DE PERSONA
Nombre de persona Valois, Isabel de,
Títulos y otros términos asociados al nombre Reina consorte de Felipe II, Rey de España-
Subdivisión general Biografías
Fuente del encabezamiento o término
9 (RLIN) 133534
852 ## - LOCALIZACIÓN
Ubicación ES-MaACL
Número de control de estantería C-635
Nota libre -- Enc. hol.
Holdings
Estatus retirado Estado de pérdida Estado de daño No para préstamo Colección Biblioteca de origen Biblioteca actual Ubicación en estantería Fecha de adquisición Fuente de adquisición Total de préstamos Signatura topográfica completa Código de barras Visto por última vez Precio de reemplazo Tipo de ítem Koha
        Libros del s. XIX Biblioteca del Ateneo de Madrid Biblioteca del Ateneo de Madrid Sala Palomar 17/01/2008     C-635 1160539 23/02/2023 23/02/2023 Libro impreso antiguo